| 000 | 01077nam a2200169Ia 4500 | ||
|---|---|---|---|
| 005 | 20250714155849.0 | ||
| 008 | 250714s9999 xx 000 0 und d | ||
| 020 | _a9780521825962 | ||
| 082 |
_a935 _bCRA |
||
| 100 | _aCrawford, Harriet | ||
| 245 | 0 | _aSumer and the Sumerians | |
| 260 |
_bCambridge University Press _c2004 |
||
| 300 | _a262 pages | ||
| 500 | _aMesopotamia produced one of the best-known ancient civilizations, with a literate, urban culture and highly-developed political institutions. Harriet Crawford reviews the extraordinary social and technological developments in the region over a period of two millennia (from 3800 to 2000 BC) in this fully revised and expanded edition of her classic text. Drawing on the most up-to-date historical and archaeological sources, she describes the physical environment and covers architecture, trade and industry, the development of writing, and changes in social and political structures. First Edition Hb (1991): 0-521-38175-4 First Edition Pb (1991): 0-521-38850-3 | ||
| 650 | _aSocial Science | ||
| 942 | _cENGLISH | ||
| 999 |
_c575737 _d575737 |
||